Datum a čas kvízu
26.5
Celkem bodů
Celkový počet nahraných bodů na tomto kvízu bez doplňovacích otázek.
6.
Pořadí na kvízu
Konečné umístění týmu na tomto kvízu.
Zaznamenané odpovědi
| # | Otázka | Odpověď | Body | Výsledky |
|---|---|---|---|---|
| 1. | Jak se jmenuje stránka na česk... | Wikipedia | 1 | |
| 2. | Máte doma v lednici Power Natu... | viagru, erekci | 1 | |
| 3. | Na první jarní den měla premié... | LOVEní | 1 | |
| 4. | Jak se nazývá inzertní platfor... | letgo | 1 | |
| 5. | Na programu ČT sport jsme mohl... | v Japonsku | 1 | |
| 6. | Dnešní cestovatelské téma se b... | Córdoba | 1 | |
| 7. | Jak se jmenuje velmi známý špa... | Luis Buñuel | 0 | |
| 8. | Když si vzpomenete na jednu zn... | Malagelo | 0 | |
| 9. | Nad městem Granada se vypíná h... | Alhambra | 0 | |
| 10. | Na obrázku vidíte radnici v př... | Juan Carlos I. | 0 |